=LDR 00000nam 2200000 4500 =001 000165 =020 $9786027050174 =082 $635.000 =100 $$a Lulu Hamidah =245 $$a Budidaya jahe merah organik yang menguntungkan /$c Lulu Hamidah =250 $Cetakan 1 =264 $Yogyakarta: Salma Idea 2024 =300 $119 halaman; 21 cm. =650 $Holtikultura =905 $635 LUL b =336 $$a =337 $$a =338 $$a =005 20260702151432.0 =008 260702s2026\\\\\\\\\\\\\\\\\\\\\\\\\\\\\\\\\\\\\\\\\